000 00456nam a2200181Ia 4500
001 15012
005 20260306164956.0
008 260306t2001||||xx |||||||||||||| ||spa||
041 _aESP
082 _a515.63076
_bF49 2001
100 _aFigueroa García, Ricardo
_eAUT
245 0 _aVectores y matrices:
_bcon números complejos
260 _c2001
300 _a571 páginas :
_c21 cm.
650 _aGEN
654 _aCMA
942 _cLIB
_dJUS
_fJUS
_2ddc
_n
999 _c15012
_d15012